Stratovarius - Hunting High and Low lyrics - Statistics

General Stats
  • This quiz has been taken 28 times
  • The average score is 80 of 121
Answer Stats
Answer % Correct
a
100%
And
100%
and
100%
I
100%
am
88%
high
88%
hunting
88%
low
88%
my
88%
no
88%
the
88%
again
75%
for
75%
I'm
75%
in
75%
Now
75%
Of
75%
of
75%
once
75%
win
75%
above
63%
all
63%
away
63%
behind
63%
feel
63%
Feel
63%
from
63%
go
63%
hair
63%
have
63%
it's
63%
It's
63%
just
63%
leaving
63%
Looking
63%
lose
63%
may
63%
me
63%
more
63%
sky
63%
Sometimes
63%
sometimes
63%
wind
63%
body
50%
Diving
50%
game
50%
is
50%
journey
50%
mind
50%
one
50%
play
50%
power
50%
started
50%
telling
50%
There
50%
Through
50%
whispering
50%
with
50%
worries
50%
can't
38%
carried
38%
drifting
38%
freedom
38%
Full
38%
gathering
38%
harm
38%
I'll
38%
near
38%
outrun
38%
shines
38%
storm
38%
sun
38%
that
38%
things
38%
wings
38%
After
25%
calm
25%
ray
25%
spreading
25%
there's
25%
clouds
13%
No matching quizzes found
Score Distribution
Percent of People with Each Score
Percentile by Number Answered
Your Score History
You have not taken this quiz